[Event "IND-ch 59th"]
[Site "New Delhi"]
[Date "2022.12.23"]
[Round "2"]
[White "Peter Anand, A."]
[Black "Diganta, Roy"]
[Result "1-0"]
[WhiteElo "1916"]
[BlackElo "1574"]
[PlyCount "97"]
[EventDate "2022.12.22"]
[EventType "swiss"]
[EventRounds "13"]
[EventCountry "IND"]
[SourceTitle "CBM 211 Extra"]
[Source "ChessBase"]
[SourceDate "2023.01.31"]
[SourceVersion "1"]
[SourceVersionDate "2023.01.31"]
[SourceQuality "1"]

1. d4 d5 2. c4 e6 3. Nc3 Nf6 4. Nf3 Be7 5. Bf4 0-0 6. e3 a6 7. c5 Nc6 8. Ne5 Nxe5 9. Bxe5 Nd7 10. Bg3 f5 11. Bd3 Nf6 12. 0-0 Bd7 13. Rc1 Be8 14. Be2 g5 15. b4 Nd7 16. h3 Nf6 17. f4 h6 18. Bh2 Bg6 19. Nb1 Ne4 20. Bh5 Qe8 21. Bf3 a5 22. a3 axb4 23. axb4 Qb5 24. Qe1 h5 25. fxg5 Bxg5 26. Bxe4 fxe4 27. Qg3 Rxf1+ 28. Rxf1 Rf8 29. Rxf8+ Kxf8 30. Qxg5 Qd3 31. Qxg6 Qxe3+ 32. Kh1 Qe1+ 33. Bg1 Qxb1 34. Qf6+ Kg8 35. Qxe6+ Kg7 36. Qxd5 Kg6 37. Kh2 Qd3 38. Qe6+ Kg5 39. Qe5+ Kh6 40. Qf4+ Kh7 41. Qxc7+ Kh6 42. Qf4+ Kh7 43. Be3 Kg7 44. Qg5+ Kf8 45. d5 h4 46. c6 bxc6 47. dxc6 Kf7 48. c7 Qb1 49. c8R 1-0